[Event "Mentese GM 2019"]
[Site "Mentese"]
[Date "2019.06.24"]
[Round "2.5"]
[White "Maghalashvili, Davit"]
[Black "Alumert, Orkun Efe"]
[Result "1-0"]
[WhiteElo "2500"]
[BlackElo "2008"]
[Annotator "ChessBase"]
[PlyCount "49"]
[EventDate "2019.06.24"]
[EventType "schev"]
[EventCountry "TUR"]
[SourceTitle "playchess.com"]
[Source "ChessBase"]
[SourceQuality "1"]
[TimeControl "5400+30"]

1. Nf3 {[%emt 0:00:30]} Nf6 {[%emt 0:00:30]} 2. g3 {[%emt 0:00:00]} g6 {[%emt 0:00:30]} 3. b3 {[%emt 0:01:00]} Bg7 {[%emt 0:00:30]} 4. Bb2 {[%emt 0:00:00]} O-O {[%emt 0:00:30]} 5. Bg2 {[%emt 0:00:00]} d6 {[%emt 0:00:30]} 6. d4 {[%emt 0:00:30]} c5 {[%emt 0:00:30]} 7. O-O {[%emt 0:01:30]} cxd4 {[%emt 0:00:30]} 8. Nxd4 {[%emt 0:00:00]} d5 {[%emt 0:00:30]} 9. Na3 {[%emt 0:02:00]} b6 {[%emt 0:04:30]} 10. c4 {[%emt 0:01:30]} Bb7 {[%emt 0:00:30]} 11. Rc1 {[%emt 0:00:30]} Qd7 {[%emt 0:02:30]} 12. Ndb5 {[%emt 0:04:30]} a6 {[%emt 0:08:30]} 13. Nc3 {[%emt 0:03:30]} Rd8 {[%emt 0:07:30]} 14. Nxd5 {[%emt 0:08:30]} Nxd5 {[%emt 0:06:30]} 15. Bxg7 {[%emt 0:00:30]} Kxg7 {[%emt 0:00:30]} 16. cxd5 {[%emt 0:00:30]} Bxd5 {[%emt 0:01:30]} 17. Qd4+ {[%emt 0:04:30]} f6 {[%emt 0:01:30]} 18. Bxd5 {[%emt 0:00:30]} Qxd5 {[%emt 0:00:00]} 19. Qxb6 {[%emt 0:00:30]} Rd6 {[%emt 0:00:00]} 20. Qc5 {[%emt 0:08:30]} Qxc5 {[%emt 0:01:30]} 21. Rxc5 {[%emt 0:00:30]} Rd2 {[%emt 0:02:30]} 22. Rc8 {[%emt 0:03:30]} Rd7 {[%emt 0:01:30]} 23. Nc4 {[%emt 0:01:30]} Rb7 {[%emt 0:01:30]} 24. Na5 {[%emt 0:01:30]} Rba7 {[%emt 0:00:00]} 25. Rd1 {[%emt 0:00:30]} 1-0

[Event "Mentese GM 2019"]
[Site "Mentese"]
[Date "2019.06.25"]
[Round "3.1"]
[White "Annaberdiev, Meilis"]
[Black "Odeev, Handszar"]
[Result "1-0"]
[WhiteElo "2532"]
[BlackElo "2386"]
[Annotator "TA"]
[PlyCount "53"]
[EventDate "2019.06.24"]
[EventType "schev"]
[EventCountry "TUR"]
[SourceTitle "playchess.com"]
[Source "ChessBase"]
[SourceQuality "1"]

{[%evp 9,53,37,43,33,39,25,59,9,40,27,60,54,59,45,73,45,69,35,55,47,85,55,157,148,148,139,130,104,214,195,233,196,351,347,353,370,555,539,520,525,1776,1794,1773,1746,1556,1168]} 1. e4 c5 2. Nc3 Nc6 3. Bb5 e5 4. Nge2 Na5 $146 ({Predecessor:} 4... Bd6 5. a3 Nge7 6. Bc4 a6 7. O-O b5 8. Ba2 O-O 9. d3 Nd4 10. f4 Nxe2+ 11. Qxe2 exf4 {1-0 (39) Asis Gargatagli,H (2529)-Fluvia Poyatos,J (2493) Barcelona 2018}) 5. Ng3 a6 6. Be2 {B23: Closed Sicilian: Lines without g3} g6 7. d3 Bg7 8. O-O {White is slightly better.} h5 9. f4 h4 10. Nh1 d6 11. Nf2 $36 {[%mdl 2048] White is pushing.} Nc6 12. Bg4 Nge7 13. Bxc8 Qxc8 14. Nh3 f6 15. Be3 Nd8 (15... Qe6 $14) 16. fxe5 dxe5 {[#]} 17. Na4 $1 {[%cal Bc3a4,Ba4c5,Bc5e4][%mdl 32] Strongly threatening Nb6.} Qc6 18. Nxc5 Rc8 (18... b6 $16 {keeps fighting.}) 19. c3 $18 f5 20. d4 fxe4 $2 (20... exd4 21. cxd4 (21. Bxd4 Bxd4+ 22. cxd4 b6 $16) 21... b6) 21. Qg4 b6 {aiming for ...exd4.} 22. Nxe4 Nf7 (22... Qd7 {was worth a try.} 23. Qxd7+ Kxd7 24. dxe5 Bxe5 25. Bxb6 Rb8) 23. Nhg5 {White is clearly winning.} Nh6 24. Qe6 Nhf5 25. Qf7+ Kd7 {[#]} 26. d5 $1 {[%mdl 512]} Qb5 {[#]} (26... Qxd5 27. Rad1) 27. a4 {Played: Rf1xf5} 1-0

[Event "Mentese GM 2019"]
[Site "Mentese"]
[Date "2019.06.25"]
[Round "3.3"]
[White "Atakisi, Umut"]
[Black "Sevdimaliyev, Urfan"]
[Result "1/2-1/2"]
[WhiteElo "2388"]
[BlackElo "2362"]
[Annotator "TA"]
[PlyCount "126"]
[EventDate "2019.06.24"]
[EventType "schev"]
[EventCountry "TUR"]
[SourceTitle "playchess.com"]
[Source "ChessBase"]
[SourceQuality "1"]

{[%evp 14,126,37,0,12,-31,-31,-39,-32,-38,-31,-37,-33,-37,-43,-65,-52,-65,-42,-45,-34,-54,-31,-79,0,0,0,0,0,0,0,-184,-192,-177,-181,-170,-137,-120,0,0,0,0,3,0,3,2,5,0,8,8,8,6,8,8,8,0,0,0,0,0,0,0,0,0,0,0,2,0,4,0,3,0,0,0,0,0,0,0,0,0,0,0,0,0,0,0,0,0,0,0,0,0,0,0,0,0,0,0,0,0,0,0,0,0,0,0,0,0,0,0,0,0,0,0,0]} 1. d4 Nf6 2. c4 g6 3. Nc3 d5 4. cxd5 Nxd5 5. e4 Nxc3 6. bxc3 Bg7 7. Nf3 c5 8. h3 Nc6 {[%cal Rc5d4] D85: Exchange Grünfeld: Unusual White 7th moves and lines with 7 Nf3} (8... O-O 9. Be3 Qa5 10. Bd2 e6 11. Be2 Qc7 12. Rc1 b6 13. h4 Bb7 14. e5 Nc6 15. h5 Rfd8 16. hxg6 hxg6 {0-1 (84) Lupulescu,C (2634)-Jones,G (2698) Reykjavik 2019}) 9. d5 Bxc3+ 10. Bd2 Bxa1 {Black is slightly better.} 11. Qxa1 {[#]} Nd4 $1 {[%cal Rd4c2]} 12. Nxd4 cxd4 13. Qxd4 {Bb5+ would kill now.} O-O 14. Bc3 $146 {[%csl Gc3][%cal Rd4h8]} ({Predecessor:} 14. Bh6 Qa5+ 15. Ke2 f6 16. Bxf8 Qxa2+ {0-1 (28) Von der Lippe,H (1879)-Seger,R (2363) Niederkassel 2016}) 14... f6 15. Bc4 b5 16. Bb3 $1 a5 17. d6+ $1 e6 $1 18. a3 b4 (18... Ra6 $17 19. e5 a4) 19. axb4 $11 axb4 20. Bb2 Ra6 21. e5 Qb6 22. exf6 $2 {[#]} (22. Qg4 $11 f5 23. Qh4) 22... Qxd4 $1 $19 ({Worse is} 22... Qxd6 {[#]} 23. f7+ $1 {[%mdl 512]} Kxf7 24. Qg7+ Ke8 25. O-O $11) 23. Bxd4 Rxd6 24. Be5 Rd3 25. Bc4 Rc3 ({Black should try} 25... Ra3 $17 {Threatens to win with ...Ra5.} 26. O-O Ra5) 26. Bxc3 $11 {The position is equal.} bxc3 {[%mdl 4096] Endgame KRB-KRB} 27. O-O Rxf6 28. Rc1 Kg7 29. Rxc3 Rf8 30. Bb3 Bd7 31. Rc7 Rf7 32. h4 Kf6 33. Kh2 Be8 34. Rc5 Rb7 35. Bc4 Rb2 36. Rc8 Bd7 37. Rf8+ Ke7 38. Rh8 Rxf2 39. Rxh7+ Rf7 40. Rh6 Rg7 41. Bd3 Be8 42. g4 Kf6 43. g5+ Ke5 44. Rh8 Bc6 45. Kg3 Be4 46. Bxe4 Kxe4 {KR-KR} 47. Kg4 e5 48. Re8 Kd4 49. Re6 e4 50. Kf4 Rf7+ 51. Rf6 Rh7 52. Rd6+ Kc5 $1 {[%cal Rc5d6]} 53. Rxg6 Rxh4+ 54. Kf5 e3 55. Re6 Kd4 $1 56. g6 {Hoping for g7.} Rh8 57. Kf4 {Strongly threatening Re4+.} (57. Kg4 {looks sharper.} Rg8 58. Kf3 Rf8+ 59. Kg4 Kd3 60. Rd6+) 57... Rf8+ 58. Kg5 Kd3 59. g7 Rg8 60. Kf6 e2 61. Kf7 Rxg7+ 62. Kxg7 Kd2 63. Rxe2+ Kxe2 {Accuracy: White = 56%, Black = 81%.} 1/2-1/2

[Event "Mentese GM 2019"]
[Site "Mentese"]
[Date "2019.06.25"]
[Round "3.5"]
[White "Alumert, Orkun Efe"]
[Black "Bagaturov, Giorgi"]
[Result "1/2-1/2"]
[WhiteElo "2008"]
[BlackElo "2422"]
[Annotator "NA"]
[PlyCount "62"]
[EventDate "2019.06.24"]
[EventType "schev"]
[EventCountry "TUR"]
[SourceTitle "playchess.com"]
[Source "ChessBase"]
[SourceQuality "1"]
[TimeControl "5400+30"]

1. e4 {[%emt 0:00:30]} c5 {[%emt 0:00:30]} 2. Nf3 {[%emt 0:00:30]} d6 {[%emt 0:00:30]} 3. Bb5+ {[%emt 0:00:30]} Bd7 {[%emt 0:01:30]} 4. Bxd7+ {[%emt 0:00:30]} Qxd7 {[%emt 0:00:30]} 5. O-O {[%emt 0:00:30]} Nc6 {[%emt 0:00:30]} 6. c3 {[%emt 0:00:00]} Nf6 {[%emt 0:00:30]} 7. Re1 {[%emt 0:00:00]} e6 {[%emt 0:00:30]} 8. d4 {[%emt 0:00:30]} cxd4 {[%emt 0:00:30]} 9. cxd4 {[%emt 0:00:00]} d5 {[%emt 0:00:30]} 10. e5 {[%emt 0:00:00]} Ne4 {[%emt 0:00:00]} 11. Nbd2 {[%emt 0:00:00]} Nxd2 {[%emt 0:00:00]} 12. Bxd2 {[%emt 0:00:00]} Bb4 {[%emt 0:01:30]} 13. Rc1 {[%emt 0:00:30]} Bxd2 {[%emt 0:00:30]} 14. Qxd2 {[%emt 0:00:30]} O-O {[%emt 0:00:30]} 15. Rc3 {[%emt 0:00:00]} Rac8 {[%emt 0:00:30]} 16. Rec1 {[%emt 0:00:00]} Ne7 {[%emt 0:00:30]} 17. Rxc8 {[%emt 0:00:30]} Rxc8 {[%emt 0:00:30]} 18. Rxc8+ {[%emt 0:00:00]} Qxc8 {[%emt 0:00:00]} 19. h3 {[%emt 0:01:00]} h6 {[%emt 0:00:00]} 20. b3 {[%emt 0:00:00]} Nc6 {[%emt 0:01:30]} 21. Qc3 {[%emt 0:00:00]} Ne7 {[%emt 0:00:30]} 22. Qxc8+ {[%emt 0:00:30]} Nxc8 {[%emt 0:00:00]} 23. Kf1 {[%emt 0:00:00]} Kf8 {[%emt 0:00:00]} 24. Ke2 {[%emt 0:00:00]} Ke8 {[%emt 0:00:30]} 25. Kd3 {[%emt 0:00:30]} Kd7 {[%emt 0:00:00]} 26. Ne1 {[%emt 0:00:00]} Ne7 {[%emt 0:00:00]} 27. f4 {[%emt 0:00:00]} h5 {[%emt 0:00:30]} 28. g4 {[%emt 0:00:30]} hxg4 {[%emt 0:00:30]} 29. hxg4 {[%emt 0:00:00]} Ng6 {[%emt 0:00:30]} 30. Ng2 {[%emt 0:00:00]} Ne7 {[%emt 0:00:00]} 31. Ne3 {[%emt 0:00:30]} Ng6 {[%emt 0:00:00]} 1/2-1/2

[Event "Mentese GM 2019"]
[Site "Mentese"]
[Date "2019.06.25"]
[Round "4.1"]
[White "Simantsev, Mikhail"]
[Black "Annaberdiev, Meilis"]
[Result "1/2-1/2"]
[WhiteElo "2371"]
[BlackElo "2532"]
[Annotator "ChessBase"]
[PlyCount "69"]
[EventDate "2019.06.24"]
[EventType "schev"]
[EventCountry "TUR"]
[SourceTitle "playchess.com"]
[Source "ChessBase"]
[SourceQuality "1"]
[TimeControl "5400+30"]

1. d4 {[%emt 0:00:30]} d6 {[%emt 0:00:30]} 2. Nf3 {[%emt 0:00:30]} g6 {[%emt 0:00:00]} 3. c4 {[%emt 0:01:30]} Bg7 {[%emt 0:00:00]} 4. Nc3 {[%emt 0:00:30]} Bg4 {[%emt 0:00:00]} 5. g3 {[%emt 0:04:30]} Bxf3 {[%emt 0:04:00]} 6. exf3 {[%emt 0:01:30]} Nh6 {[%emt 0:00:30]} 7. g4 {[%emt 0:09:30]} Ng8 {[%emt 0:08:30]} 8. Be3 {[%emt 0:04:30]} Nd7 {[%emt 0:04:30]} 9. Bg2 {[%emt 0:07:30]} e6 {[%emt 0:03:30]} 10. f4 {[%emt 0:07:30]} Ne7 {[%emt 0:05:30]} 11. Qe2 {[%emt 0:05:30]} c6 {[%emt 0:05:30]} 12. h4 {[%emt 0:17:30]} h5 {[%emt 0:10:30]} 13. gxh5 {[%emt 0:00:30]} Rxh5 {[%emt 0:00:00]} 14. Bf3 {[%emt 0:00:30]} Nf6 {[%emt 0:00:00]} 15. O-O-O {[%emt 0:10:30]} d5 {[%emt 0:04:30]} 16. cxd5 {[%emt 0:02:30]} cxd5 {[%emt 0:01:30]} 17. Qb5+ {[%emt 0:00:30]} Qd7 {[%emt 0:00:30]} 18. Qxd7+ {[%emt 0:00:30]} Kxd7 {[%emt 0:00:30]} 19. Bxh5 {[%emt 0:01:30]} Nxh5 {[%emt 0:00:00]} 20. Ne2 {[%emt 0:01:30]} Nf5 {[%emt 0:00:00]} 21. Rh3 {[%emt 0:07:51]} Bf6 {[%emt 0:03:30]} 22. Rdh1 {[%emt 0:01:52]} Rh8 {[%emt 0:00:30]} 23. Kd2 {[%emt 0:00:41]} Nhg7 {[%emt 0:00:30]} 24. Kd3 {[%emt 0:00:24]} Rxh4 {[%emt 0:07:30]} 25. Rxh4 {[%emt 0:00:16]} Bxh4 {[%emt 0:00:00]} 26. Ng1 {[%emt 0:02:09]} Nh5 {[%emt 0:01:00]} 27. Nf3 {[%emt 0:00:10]} Bd8 {[%emt 0:00:30]} 28. Ne5+ {[%emt 0:00:30]} Ke8 {[%emt 0:00:30]} 29. Rc1 {[%emt 0:00:12]} Ne7 {[%emt 0:00:00]} 30. Bd2 {[%emt 0:04:46]} a5 {[%emt 0:11:00]} 31. a3 {[%emt 0:00:47]} f6 {[%emt 0:04:30]} 32. Nf3 {[%emt 0:00:01]} Kd7 {[%emt 0:00:30]} 33. Nh4 {[%emt 0:00:37]} Ke8 {[%emt 0:00:00]} 34. Nf3 {[%emt 0:00:17]} Kd7 {[%emt 0:00:00]} 35. Nh4 {[%emt 0:00:52]} 1/2-1/2

[Event "Mentese GM 2019"]
[Site "Mentese"]
[Date "2019.06.25"]
[Round "4.2"]
[White "Sevdimaliyev, Urfan"]
[Black "Ozen, Deniz"]
[Result "1/2-1/2"]
[WhiteElo "2362"]
[BlackElo "2405"]
[Annotator "NA"]
[PlyCount "64"]
[EventDate "2019.06.24"]
[EventType "schev"]
[EventCountry "TUR"]
[SourceTitle "playchess.com"]
[Source "ChessBase"]
[SourceQuality "1"]
[TimeControl "5400+30"]

1. e4 {[%emt 0:00:30]} e6 {[%emt 0:00:30]} 2. d4 {[%emt 0:00:00]} d5 {[%emt 0:00:00]} 3. Nd2 {[%emt 0:00:00]} c5 {[%emt 0:00:00]} 4. exd5 {[%emt 0:00:30]} Qxd5 {[%emt 0:00:30]} 5. Ngf3 {[%emt 0:00:30]} cxd4 {[%emt 0:00:30]} 6. Bc4 {[%emt 0:00:30]} Qd7 {[%emt 0:00:00]} 7. O-O {[%emt 0:00:30]} Nc6 {[%emt 0:00:00]} 8. Nb3 {[%emt 0:00:30]} a6 {[%emt 0:00:30]} 9. a4 {[%emt 0:03:30]} Nf6 {[%emt 0:03:30]} 10. Qe2 {[%emt 0:02:30]} Bd6 {[%emt 0:04:30]} 11. Rd1 {[%emt 0:00:30]} O-O {[%emt 0:01:30]} 12. Nbxd4 {[%emt 0:01:30]} e5 {[%emt 0:02:30]} 13. Nxc6 {[%emt 0:09:30]} Qxc6 {[%emt 0:00:30]} 14. Bg5 {[%emt 0:02:30]} Bc7 {[%emt 0:00:30]} 15. Bb5 {[%emt 0:14:30]} Qe6 {[%emt 0:10:30]} 16. Bc4 {[%emt 0:03:30]} Qf5 {[%emt 0:05:30]} 17. Bxf6 {[%emt 0:01:30]} Qxf6 {[%emt 0:00:00]} 18. Bd5 {[%emt 0:02:30]} Rb8 {[%emt 0:08:00]} 19. Ra3 {[%emt 0:09:30]} Bf5 {[%emt 0:16:30]} 20. Re3 {[%emt 0:11:30]} e4 {[%emt 0:07:30]} 21. Bxe4 {[%emt 0:05:30]} Bb6 {[%emt 0:00:30]} 22. Rb3 {[%emt 0:05:30]} Rbe8 {[%emt 0:00:30]} 23. Nd2 {[%emt 0:02:30]} Qd4 {[%emt 0:16:30]} 24. Nf3 {[%emt 0:01:30]} Qf6 {[%emt 0:00:30]} 25. Nd2 {[%emt 0:00:00]} Qd4 {[%emt 0:00:00]} 26. Nf3 {[%emt 0:00:00]} Qf6 {[%emt 0:00:00]} 27. Nd2 {[%emt 0:00:00]} Qd4 {[%emt 0:00:00]} 28. Nf3 {[%emt 0:00:00]} Qf6 {[%emt 0:00:00]} 29. Nd2 {[%emt 0:00:30]} Qd4 {[%emt 0:00:00]} 30. Nf3 {[%emt 0:00:00]} Qf6 {[%emt 0:00:00]} 31. Nd2 {[%emt 0:00:00]} Qd4 {[%emt 0:00:30]} 32. c3 {[%emt 0:00:30]} Qxf2+ {[%emt 0:00:30]} 1/2-1/2

[Event "Mentese GM 2019"]
[Site "Mentese"]
[Date "2019.06.25"]
[Round "4.3"]
[White "Maghalashvili, Davit"]
[Black "Atakisi, Umut"]
[Result "1/2-1/2"]
[WhiteElo "2500"]
[BlackElo "2388"]
[Annotator "ChessBase"]
[PlyCount "60"]
[EventDate "2019.06.24"]
[EventType "schev"]
[EventCountry "TUR"]
[SourceTitle "playchess.com"]
[Source "ChessBase"]
[SourceQuality "1"]
[TimeControl "5400+30"]

1. Nf3 {[%emt 0:00:30]} d5 {[%emt 0:00:30]} 2. g3 {[%emt 0:00:00]} g6 {[%emt 0:00:00]} 3. Bg2 {[%emt 0:00:00]} Bg7 {[%emt 0:00:00]} 4. d4 {[%emt 0:01:30]} Nf6 {[%emt 0:00:30]} 5. O-O {[%emt 0:00:30]} O-O {[%emt 0:00:00]} 6. c3 {[%emt 0:00:30]} c6 {[%emt 0:00:00]} 7. Bf4 {[%emt 0:00:00]} Bf5 {[%emt 0:01:30]} 8. Nbd2 {[%emt 0:00:00]} Nbd7 {[%emt 0:02:30]} 9. Nh4 {[%emt 0:06:30]} Be6 {[%emt 0:01:30]} 10. e4 {[%emt 0:00:30]} Nxe4 {[%emt 0:01:30]} 11. Nxe4 {[%emt 0:02:30]} dxe4 {[%emt 0:02:30]} 12. Bxe4 {[%emt 0:00:00]} Nf6 {[%emt 0:09:30]} 13. Bg2 {[%emt 0:01:00]} Bd5 {[%emt 0:00:30]} 14. Nf3 {[%emt 0:00:30]} Re8 {[%emt 0:03:30]} 15. Re1 {[%emt 0:01:30]} Qb6 {[%emt 0:01:30]} 16. Qe2 {[%emt 0:00:30]} Rad8 {[%emt 0:02:30]} 17. a4 {[%emt 0:07:30]} a5 {[%emt 0:04:30]} 18. Be5 {[%emt 0:03:30]} Nd7 {[%emt 0:00:30]} 19. Bxg7 {[%emt 0:01:30]} Kxg7 {[%emt 0:00:30]} 20. h4 {[%emt 0:01:30]} h6 {[%emt 0:09:30]} 21. Bh3 {[%emt 0:04:30]} Bxf3 {[%emt 0:06:30]} 22. Qxf3 {[%emt 0:00:30]} e6 {[%emt 0:00:30]} 23. b4 {[%emt 0:12:30]} Nf6 {[%emt 0:11:30]} 24. Rab1 {[%emt 0:06:30]} axb4 {[%emt 0:01:30]} 25. Rxb4 {[%emt 0:00:30]} Qa7 {[%emt 0:01:30]} 26. Reb1 {[%emt 0:03:30]} Re7 {[%emt 0:00:30]} 27. Bg2 {[%emt 0:03:30]} Rd5 {[%emt 0:00:30]} 28. Qd1 {[%emt 0:06:30]} Ra5 {[%emt 0:02:30]} 29. Qb3 {[%emt 0:07:30]} Nd5 {[%emt 0:00:30]} 30. Bxd5 {[%emt 0:00:30]} exd5 {[%emt 0:02:30]} 1/2-1/2

[Event "Mentese GM 2019"]
[Site "Mentese"]
[Date "2019.06.25"]
[Round "4.4"]
[White "Bagaturov, Giorgi"]
[Black "Sibashvili, Giorgi"]
[Result "1/2-1/2"]
[WhiteElo "2422"]
[BlackElo "2368"]
[Annotator "NA"]
[PlyCount "159"]
[EventDate "2019.06.24"]
[EventType "schev"]
[EventCountry "TUR"]
[SourceTitle "playchess.com"]
[Source "ChessBase"]
[SourceQuality "1"]
[TimeControl "5400+30"]

1. c4 {[%emt 0:00:30]} Nf6 {[%emt 0:02:30]} 2. Nf3 {[%emt 0:00:30]} e6 {[%emt 0:00:30]} 3. g3 {[%emt 0:01:30]} d5 {[%emt 0:00:30]} 4. Bg2 {[%emt 0:00:30]} Be7 {[%emt 0:01:30]} 5. O-O {[%emt 0:00:00]} O-O {[%emt 0:00:30]} 6. b3 {[%emt 0:05:00]} b6 {[%emt 0:01:30]} 7. Bb2 {[%emt 0:03:30]} Bb7 {[%emt 0:02:30]} 8. e3 {[%emt 0:00:30]} c5 {[%emt 0:00:30]} 9. Nc3 {[%emt 0:02:30]} Nc6 {[%emt 0:02:30]} 10. cxd5 {[%emt 0:02:30]} Nxd5 {[%emt 0:11:30]} 11. Nxd5 {[%emt 0:02:30]} exd5 {[%emt 0:01:30]} 12. d4 {[%emt 0:01:30]} Ba6 {[%emt 0:09:30]} 13. Re1 {[%emt 0:01:30]} c4 {[%emt 0:04:30]} 14. bxc4 {[%emt 0:26:30]} dxc4 {[%emt 0:01:30]} 15. d5 {[%emt 0:08:30]} Nb4 {[%emt 0:02:30]} 16. Ne5 {[%emt 0:00:30]} Rc8 {[%emt 0:11:30]} 17. a3 {[%emt 0:08:30]} Nd3 {[%emt 0:08:30]} 18. Nxd3 {[%emt 0:01:30]} cxd3 {[%emt 0:00:30]} 19. Be4 {[%emt 0:02:30]} Bc4 {[%emt 0:10:30]} 20. Qh5 {[%emt 0:21:14]} g6 {[%emt 0:00:30]} 21. Qe5 {[%emt 0:00:04]} f6 {[%emt 0:00:00]} 22. Qe6+ {[%emt 0:00:30]} Kg7 {[%emt 0:03:00]} 23. Red1 {[%emt 0:00:13]} Rc5 {[%emt 0:03:30]} 24. Bd4 {[%emt 0:02:25]} Rxd5 {[%emt 0:04:23]} 25. Bxd5 {[%emt 0:00:38]} Bxd5 {[%emt 0:00:04]} 26. Qg4 {[%emt 0:00:08]} h5 {[%emt 0:00:38]} 27. Qh4 {[%emt 0:00:05]} Kh6 {[%emt 0:13:48]} 28. Rxd3 {[%emt 0:02:35]} Qc8 {[%emt 0:02:27]} 29. Bb2 {[%emt 0:02:38]} Ba8 {[%emt 0:00:57]} 30. Qa4 {[%emt 0:01:30]} Qb7 {[%emt 0:00:38]} 31. e4 {[%emt 0:00:08]} Bc5 {[%emt 0:00:18]} 32. Rd7 {[%emt 0:00:32]} Qxe4 {[%emt 0:00:43]} 33. Qxe4 {[%emt 0:00:17]} Bxe4 {[%emt 0:00:01]} 34. Re1 {[%emt 0:02:21]} Bc6 {[%emt 0:00:53]} 35. Rxa7 {[%emt 0:00:26]} Rd8 {[%emt 0:00:10]} 36. Rf7 {[%emt 0:00:47]} Rd2 {[%emt 0:00:43]} 37. Rxf6 {[%emt 0:00:37]} Rxb2 {[%emt 0:00:13]} 38. Rxc6 {[%emt 0:00:07]} Bxf2+ {[%emt 0:00:03]} 39. Kf1 {[%emt 0:00:00]} Bxe1 {[%emt 0:00:05]} 40. Kxe1 {[%emt 0:00:05]} Rxh2 {[%emt 0:01:25]} 41. Rxb6 {[%emt 0:00:12]} Rg2 {[%emt 0:00:45]} 42. Rb3 {[%emt 0:00:16]} Ra2 {[%emt 0:00:42]} 43. Kf1 {[%emt 0:00:46]} Kg5 {[%emt 0:00:09]} 44. Rb4 {[%emt 0:00:10]} Rxa3 {[%emt 0:00:31]} 45. Kg2 {[%emt 0:00:05]} Ra5 {[%emt 0:00:11]} 46. Rc4 {[%emt 0:00:22]} Re5 {[%emt 0:00:19]} 47. Ra4 {[%emt 0:00:12]} Kf5 {[%emt 0:00:05]} 48. Rf4+ {[%emt 0:01:37]} Ke6 {[%emt 0:00:13]} 49. Ra4 {[%emt 0:00:15]} g5 {[%emt 0:00:18]} 50. Kf3 {[%emt 0:00:57]} Rb5 {[%emt 0:00:51]} 51. Ke4 {[%emt 0:00:31]} Re5+ {[%emt 0:01:37]} 52. Kf3 {[%emt 0:00:08]} Kf5 {[%emt 0:00:40]} 53. Ra8 {[%emt 0:00:34]} Rb5 {[%emt 0:00:19]} 54. Rf8+ {[%emt 0:00:32]} Kg6 {[%emt 0:00:11]} 55. Rg8+ {[%emt 0:00:31]} Kf7 {[%emt 0:00:06]} 56. Rh8 {[%emt 0:00:45]} Rb3+ {[%emt 0:00:13]} 57. Kf2 {[%emt 0:00:28]} Kg6 {[%emt 0:00:21]} 58. Ra8 {[%emt 0:00:37]} Kf5 {[%emt 0:01:00]} 59. Ra4 {[%emt 0:00:37]} Rb2+ {[%emt 0:00:19]} 60. Ke3 {[%emt 0:00:44]} Rc2 {[%emt 0:00:58]} 61. Rb4 {[%emt 0:00:16]} Ra2 {[%emt 0:00:20]} 62. Rc4 {[%emt 0:00:10]} Rh2 {[%emt 0:01:02]} 63. Ra4 {[%emt 0:00:32]} Rh1 {[%emt 0:00:39]} 64. Kf2 {[%emt 0:00:55]} Rh2+ {[%emt 0:00:31]} 65. Ke3 {[%emt 0:00:06]} Rb2 {[%emt 0:00:06]} 66. Rc4 {[%emt 0:00:16]} Rb5 {[%emt 0:00:37]} 67. Ra4 {[%emt 0:00:35]} g4 {[%emt 0:00:27]} 68. Kf2 {[%emt 0:02:02]} Rb2+ {[%emt 0:00:20]} 69. Ke3 {[%emt 0:00:37]} Rb3+ {[%emt 0:01:02]} 70. Kf2 {[%emt 0:00:04]} Rf3+ {[%emt 0:00:19]} 71. Kg2 {[%emt 0:00:05]} Re3 {[%emt 0:00:03]} 72. Ra5+ {[%emt 0:00:37]} Re5 {[%emt 0:00:05]} 73. Ra4 {[%emt 0:00:20]} Re2+ {[%emt 0:00:30]} 74. Kf1 {[%emt 0:00:09]} Rd2 {[%emt 0:00:06]} 75. Kg1 {[%emt 0:00:47]} Ke5 {[%emt 0:00:17]} 76. Rb4 {[%emt 0:00:51]} Rd4 {[%emt 0:00:10]} 77. Rb5+ {[%emt 0:00:16]} Ke4 {[%emt 0:00:16]} 78. Rxh5 {[%emt 0:00:43]} Kf3 {[%emt 0:00:04]} 79. Rf5+ {[%emt 0:00:06]} Kxg3 {[%emt 0:00:06]} 80. Rf1 {[%emt 0:00:04]} 1/2-1/2

[Event "Mentese GM 2019"]
[Site "Mentese"]
[Date "2019.06.25"]
[Round "4.5"]
[White "Odeev, Handszar"]
[Black "Alumert, Orkun Efe"]
[Result "1-0"]
[WhiteElo "2386"]
[BlackElo "2008"]
[Annotator "NA"]
[PlyCount "83"]
[EventDate "2019.06.24"]
[EventType "schev"]
[EventCountry "TUR"]
[SourceTitle "playchess.com"]
[Source "ChessBase"]
[SourceQuality "1"]
[TimeControl "5400+30"]

1. e4 {[%emt 0:00:30]} e6 {[%emt 0:00:30]} 2. d4 {[%emt 0:00:30]} d5 {[%emt 0:00:00]} 3. Nd2 {[%emt 0:00:00]} c5 {[%emt 0:00:00]} 4. Ngf3 {[%emt 0:00:00]} cxd4 {[%emt 0:00:30]} 5. exd5 {[%emt 0:00:30]} Qxd5 {[%emt 0:00:00]} 6. Bc4 {[%emt 0:00:00]} Qd6 {[%emt 0:00:00]} 7. O-O {[%emt 0:00:00]} Nf6 {[%emt 0:00:30]} 8. Nb3 {[%emt 0:00:00]} Nc6 {[%emt 0:00:00]} 9. Nbxd4 {[%emt 0:00:00]} Nxd4 {[%emt 0:00:00]} 10. Nxd4 {[%emt 0:00:30]} a6 {[%emt 0:00:30]} 11. Bb3 {[%emt 0:00:30]} Qc7 {[%emt 0:01:30]} 12. Re1 {[%emt 0:01:30]} Bd6 {[%emt 0:00:30]} 13. Nf5 {[%emt 0:01:30]} Bxh2+ {[%emt 0:00:30]} 14. Kh1 {[%emt 0:00:30]} O-O {[%emt 0:01:30]} 15. Nxg7 {[%emt 0:10:30]} Rd8 {[%emt 0:02:30]} 16. Qf3 {[%emt 0:10:30]} Kxg7 {[%emt 0:00:30]} 17. c3 {[%emt 0:27:30]} Be5 {[%emt 0:15:30]} 18. Qe3 {[%emt 0:05:30]} Nd7 {[%emt 0:04:30]} 19. Qh6+ {[%emt 0:04:30]} Kh8 {[%emt 0:11:30]} 20. Bc2 {[%emt 0:05:30]} Nf8 {[%emt 0:01:30]} 21. Rxe5 {[%emt 0:00:00]} Qxe5 {[%emt 0:01:30]} 22. Bg5 {[%emt 0:00:00]} Ng6 {[%emt 0:01:30]} 23. Bxd8 {[%emt 0:01:30]} Qg7 {[%emt 0:03:30]} 24. Qg5 {[%emt 0:00:30]} h6 {[%emt 0:00:30]} 25. Qd2 {[%emt 0:02:30]} e5 {[%emt 0:02:30]} 26. Qd6 {[%emt 0:06:30]} Be6 {[%emt 0:01:30]} 27. Be4 {[%emt 0:00:30]} Rc8 {[%emt 0:01:30]} 28. Re1 {[%emt 0:02:30]} Rc4 {[%emt 0:01:30]} 29. Re3 {[%emt 0:00:30]} Kh7 {[%emt 0:01:30]} 30. Bxb7 {[%emt 0:07:06]} Rf4 {[%emt 0:01:30]} 31. Kg1 {[%emt 0:01:40]} Bxa2 {[%emt 0:01:30]} 32. g3 {[%emt 0:00:58]} Ra4 {[%emt 0:02:30]} 33. Bf6 {[%emt 0:05:52]} Qg8 {[%emt 0:00:30]} 34. Bxe5 {[%emt 0:01:19]} Be6 {[%emt 0:01:30]} 35. Bd4 {[%emt 0:00:32]} Ra1+ {[%emt 0:00:00]} 36. Kh2 {[%emt 0:00:08]} Nh4 {[%emt 0:01:00]} 37. Rxe6 {[%emt 0:00:51]} fxe6 {[%emt 0:00:30]} 38. Qe7+ {[%emt 0:00:16]} Kg6 {[%emt 0:00:30]} 39. Qxh4 {[%emt 0:00:50]} Re1 {[%emt 0:00:00]} 40. Be4+ {[%emt 0:00:17]} Kf7 {[%emt 0:00:00]} 41. Qf6+ {[%emt 0:00:05]} Ke8 {[%emt 0:00:30]} 42. Bc6# {[%emt 0:00:04]} 1-0